|
|
|
|
| LEADER |
01294nam a22002897a 4500 |
| 001 |
36113 |
| 003 |
BD-DhAAL |
| 005 |
20211129161022.0 |
| 008 |
190923t1992 enka|||| b||| 001 0 eng d |
| 999 |
|
|
|c 41386
|d 41386
|
| 020 |
|
|
|a 9780435809607
|
| 040 |
|
|
|a BD-DhAAL
|
| 082 |
|
|
|a 372.941
|
| 100 |
|
|
|a Mike Harrison, (Mike A.)
|9 35149
|
| 245 |
|
|
|a Primary school management
|c Mike Harrison and Steve Gill.
|
| 260 |
|
|
|a Oxford :
|b Heinemann Educational,
|c 1992.
|
| 300 |
|
|
|a iv,153 pages :
|b illustrations ;
|c 22 cm.
|
| 504 |
|
|
|a Includes bibliographical references (p.149-150) and index.
|
| 526 |
|
|
|a BIED
|
| 541 |
|
|
|a Complimentary copy from BIED
|e 36113
|
| 650 |
|
|
|a Primary schools Management
|z Great Britain
|x Administration.
|9 35150
|
| 650 |
|
|
|a Social sciences
|9 35151
|
| 700 |
|
|
|a Gill, Steve
|9 35152
|
| 852 |
|
|
|a Ayesha Abed Library
|c BIED Collection
|
| 942 |
|
|
|2 ddc
|c BK
|
| 952 |
|
|
|0 0
|1 0
|2 ddc
|4 0
|6 372_941000000000000_MIK
|7 0
|9 66483
|a BRACUL
|b BRACUL
|c GEN
|d 2019-09-23
|e Complimentary copy from BIED
|l 0
|o 372.941 MIK
|p 3010036113
|r 2019-09-23
|t 1
|w 2019-09-23
|y BK
|x BIED-3574
|
| 952 |
|
|
|0 0
|1 0
|2 ddc
|4 0
|6 372_941000000000000_MIK
|7 0
|9 66484
|a BRACUL
|b BRACUL
|c GEN
|d 2019-09-23
|e Complimentary copy from BIED
|l 0
|o 372.941 MIK
|p 3010036114
|r 2019-09-23
|t 2
|w 2019-09-23
|y BK
|x Transferred from BIED to General Stacks
|